000 00574nam a2200193Ia 4500
005 20240605013707.0
008 240331s9999 xx 000 0 und d
020 _a9789221264965
082 _bWIC
_a346
100 _aWicremasinghe, Maithree
245 0 _aTowards Gender Equity/Equality
_bA Scan og Gender Sensitive Laws, Policies and Programs in Sri Lanka
_cMaithree, Wickramasinghe
250 _a1 st
260 _aSwitzerland
_bInternational Labor Organization
_c2012
300 _a368 p .,
650 _aGender
650 _aLaws
650 _aPolicies
942 _cL
999 _c5811
_d5811